000 00490nam a2200181Ia 4500
001 19963
005 20260306172731.0
008 260306t2004||||xx |||||||||||||| ||spa||
041 _aESP
082 _a341.9
_bT83 T. 3
100 _aTruyol y Serra, Antonio
_eAUT
245 0 _aHistoria de la filosofía del derecho y del estado:
_bidealismo y positivismo
260 _c2004
300 _axxxiii, 374 páginas :
_c23 cm.
650 _aGEN
654 _aCDE
942 _cLIB
_dJUS
_fJUS
_2ddc
_n
999 _c19963
_d19963